| 000 | 00572nam a2200217Ia 4500 | ||
|---|---|---|---|
| 005 | 20230420145806.0 | ||
| 008 | 230125s9999 xx 000 0 und d | ||
| 020 | _a9789351505631 | ||
| 041 | _aeng | ||
| 082 |
_a658 _bSAR |
||
| 100 |
_aSarkar S _9116370 |
||
| 245 |
_aOut Think _bHow to Use Game Theory to Outsmart Your Competition |
||
| 260 |
_c2016 _bSage publication _aNew Delhi |
||
| 300 | _a213p | ||
| 500 | _aGeneral Management | ||
| 650 | _aGeneral Management | ||
| 700 |
_aSarkar S _9116370 |
||
| 906 | _b98.75 | ||
| 942 | _cBK | ||
| 999 |
_c94025 _d94025 |
||